Language Quiz

Random Language or Letter Quiz

Words Adjacent to S Quiz Stats

 Plays Quiz not verified by Sporcle

Challenge
Share
Tweet
Embed
Score 0/30 Timer 05:00
0 Plays Today
Word % Correct
Ad
89.5%
We
72%
De
69.9%
Aw
68.3%
Da
68.1%
Ax
66.8%
Wed
63.3%
Awe
61.7%
Wad
61.5%
Za
61.2%
Dew
60.8%
Axe
59.7%
Wax
59.1%
Ed
57.8%
Ae
57.1%
Word % Correct
Ex
55.3%
Zed
51.2%
Daw
50.7%
Wade
50.6%
Awed
44.7%
Axed
44.5%
Waxed
43.5%
Daze
42.4%
Dex
42.2%
Wae
37.7%
Adz
35.6%
Zax
31.5%
Adze
22.7%
Dewax
9.1%
Zeda
8.7%

You're not logged in!

Compare scores with friends on all Sporcle quizzes.
Join for Free
OR
Log In

You Might Also Like...

Show Comments

Extras

Top Quizzes Today


Score Distribution

Your Account Isn't Verified!

In order to create a playlist on Sporcle, you need to verify the email address you used during registration. Go to your Sporcle Settings to finish the process.

Report this User

Report this user for behavior that violates our Community Guidelines.

Details: